[Event "ONJK 2017 C"]
[Site "Borne, Netherlands"]
[Date "2017.08.12"]
[Round "9.17"]
[White "Woest, Imre"]
[Black "Rodrigues Pereira, Kuba"]
[Result "1-0"]
[WhiteElo "1385"]
[BlackElo "1600"]
[PlyCount "35"]
[EventDate "2017.08.??"]

1. e4 e5 2. Nf3 Nc6 3. Bb5 d6 4. O-O Bg4 5. c3 a6 6. Bxc6+ bxc6 7. d3 Nf6 8.
Bg5 Be7 9. Nbd2 Rb8 10. Qc2 O-O 11. Rfe1 Nh5 12. Be3 Nf4 13. d4 Rb5 14. a4 Rb6
15. dxe5 dxe5 16. Nxe5 Ne2+ 17. Kf1 Bh5 18. Bxb6 1-0

[Event "ONJK 2017 C"]
[Site "Borne, Netherlands"]
[Date "2017.08.12"]
[Round "9.18"]
[White "Van Borren, Matthijs"]
[Black "Kaersenhout, Diego"]
[Result "1/2-1/2"]
[WhiteElo "1313"]
[BlackElo "1535"]
[PlyCount "25"]
[EventDate "2017.08.??"]

1. e4 e6 2. d4 d5 3. exd5 exd5 4. Nf3 Bd6 5. Nc3 c6 6. Bd3 Ne7 7. O-O O-O 8.
Re1 Bg4 9. Bxh7+ Kh8 10. Bd3 Qc7 11. g3 Nd7 12. Nb1 f5 13. Kg2 1/2-1/2

[Event "ONJK 2017 C"]
[Site "Borne, Netherlands"]
[Date "2017.08.12"]
[Round "9.19"]
[White "Decruyenaere, Laura"]
[Black "De Zoeten, Cato"]
[Result "1-0"]
[WhiteElo "1318"]
[BlackElo "1511"]
[PlyCount "101"]
[EventDate "2017.08.??"]

1. e4 c5 2. Nf3 d6 3. d4 cxd4 4. Nxd4 Nf6 5. Nc3 g6 6. Bc4 Bg7 7. O-O O-O 8. h3
Nc6 9. Be3 Bd7 10. Qd2 Rc8 11. Rfe1 Ne5 12. Bb3 Nc4 13. Bxc4 Rxc4 14. Qd3 Rc8
15. Qd2 a6 16. Bg5 Qc7 17. Nf3 b5 18. a3 Bc6 19. Nd5 Bxd5 20. exd5 Rfe8 21. c3
Qb7 22. Rad1 Rc5 23. Bxf6 Bxf6 24. Ng5 Bg7 25. Ne4 Rc7 26. Nxd6 Qb8 27. Nxe8
Qxe8 28. d6 Rd7 29. Rxe7 Qd8 30. Rxd7 Qxd7 31. Qd5 Bf8 32. Qc5 Qe6 33. Qc7 Qe2
34. Rf1 Qe5 35. f4 Qxd6 36. Qxd6 Bxd6 37. g3 Kf8 38. Re1 a5 39. Kg2 f5 40. Kf3
Kf7 41. g4 Kf6 42. Rd1 Ke6 43. Kg3 fxg4 44. hxg4 g5 45. Rxd6+ Kxd6 46. fxg5 Ke6
47. Kh4 Kf7 48. Kh5 a4 49. Kh6 Kg8 50. g6 hxg6 51. Kxg6 1-0

[Event "ONJK 2017 C"]
[Site "Borne, Netherlands"]
[Date "2017.08.12"]
[Round "9.20"]
[White "Martinez, Sara"]
[Black "Hatzmann, Mirthe"]
[Result "1/2-1/2"]
[WhiteElo "1469"]
[BlackElo "1251"]
[PlyCount "46"]
[EventDate "2017.08.??"]

1. e4 e5 2. Nf3 Nc6 3. d4 exd4 4. Nxd4 Bc5 5. Be3 Qf6 6. c3 Nge7 7. Bc4 Bb6 8.
O-O O-O 9. Re1 d6 10. Nxc6 Nxc6 11. Bxb6 axb6 12. Na3 Be6 13. Qe2 Ne5 14. Bxe6
fxe6 15. f3 Qg5 16. Rf1 Rf7 17. Nc2 Raf8 18. Kh1 Qh5 19. Kg1 Rf6 20. Ne1 Rh6
21. g3 Rhf6 22. Kg2 Rh6 23. Kg1 Rhf6 1/2-1/2